00910nam a2200229Ii 45000010005000000030009000050080041000140200015000550400033000700410008001030820019001111000050001302450130001802640072003103000012003823360026003943370028004203380027004489400050004759990017005259520138005423751CO-ViMGA241108s9999||||xx |||||||||||||| ||und|| a9586430006 aCO-ViMGAbspaerdacCO-ViMGA0 aspa04a343.0146 S168p1 aFrancisco de Paula 1792-1840 Santander94694510aProceso seguido al General Santander por consecuencia del acontecimiento de la noche del 25 de septiembre de 1828 en Bogotá 1aBogotá, Colombia : Fundación Francisco de Paula Santander, 1988 avolumen atextbtxt2rdacontent aunmediatedbn2rdamedia avolumebnc2rdacarrier aidficha_siabuc: 3662. -- ficha_no_siabuc:3751 c41524d41524 001040708001aMEVIGERRbMEVIGERRcGENd2006-11-27o343.0146 S168ppECA2353r2024-11-26 08:56:16tEj.1w2024-11-26yBKz3662 | 5396